000 00332nam a2200133Ia 4500
008 200103s9999||||xx |||||||||||||| ||und||
040 _aIMU-MPC
082 _aColumn-22
100 _aRowe, Charles Elmer
245 0 _aEngineering Descriptive Geometry
260 _bD. Van Nostrand Company
_c1939
300 _aviii, 299
942 _cBK
999 _c6757
_d6757